Welcome to the Holygrace Academy Library

Please use search bar below to get started

ON MEDITATION (Record no. 5077)

MARC details
000 -LEADER
fixed length control field 00471nam a22001457a 4500
020 ## - INTERNATIONAL STANDARD BOOK NUMBER
ISBN 978-616-90279-6-6
082 ## - DEWEY DECIMAL CLASSIFICATION NUMBER
Classification number 200
Item number CHA/O
100 ## - MAIN ENTRY--AUTHOR NAME
Personal name CHAH, AJAHN
245 ## - TITLE STATEMENT
Title ON MEDITATION
260 ## - PUBLICATION, DISTRIBUTION, ETC. (IMPRINT)
Place of publication THAILAND
Name of publisher WAT PAH NANACHAT
Year of publication 2010
300 ## - PHYSICAL DESCRIPTION
Number of Pages 38
520 ## - SUMMARY, ETC.
Summary, etc WHICHEVER APPROACH WE USE FOR MEDITATION, WE NEED TO DO AWAY WITH WRONG THINKING, LEAVING ONLY RIGHT VIEW. WE NEED TO GET RID OF CONFUSION, LEAVING ONLY PEACE.
650 ## - SUBJECT ADDED ENTRY--TOPICAL TERM
Topical Term RELIGIOUS
Geographic subdivision THAILAND
942 ## - ADDED ENTRY ELEMENTS (KOHA)
Koha item type Books
Holdings
Withdrawn status Lost status Collection code Home library Current library Shelving location Date acquired Source of acquisition Full call number Accession Number Koha item type
    Non-fiction Main Library Main Library SHELF 15 C-RELIGIOUS 14/07/2016 purchase 200 CHA/O 04362 Books
    Non-fiction Main Library Main Library SHELF 15 C-RELIGIOUS 14/07/2016 purchase 200 CHA/O 04363 Books
    Non-fiction Main Library Main Library SHELF 15 C-RELIGIOUS 14/07/2016 purchase 200 CHA/O 04364 Books
    Non-fiction Main Library Main Library SHELF 15 C-RELIGIOUS 14/07/2016 purchase 200 CHA/O 04360 Books
    Non-fiction Main Library Main Library SHELF 15 C-RELIGIOUS 14/07/2016 purchase 200 CHA/O 04361 Books